Interstate 5 exits Mission Viejo to Anaheim - Statistics

General Stats
  • This quiz has been taken 4 times
  • The average score is 8 of 36
Answer Stats
City Exit Exit Number % Correct
Laguna Hills Alicia Parkway 90
100%
Irvine Bake Parkway 92
67%
Irvine Culver Drive 99
67%
Lake Forest El Toro Road 91
67%
Tustin Jamboree Road 100
67%
Irvine Alton Parkway 94B
33%
Anaheim Brookhurst Street/La Palma Avenue 113
33%
Tustin California 55 103
33%
Mission Viejo Crown Valley Parkway 86
33%
Santa Ana First Street/Fourth Street 104A
33%
Irvine Interstate 405 North 94A
33%
Anaheim Katella Avenue/Disney Way/Orangewood Avenue 109
33%
Anaheim Lincoln Avenue 111
33%
Mission Viejo Oso Parkway 88
33%
Tustin Red Hill Avenue 101B
33%
Irvine Sand Canyon Avenue 96A
33%
Tustin Tustin Ranch Road 101A
33%
Santa Ana 17th Street 105A
0%
Mission Viejo Avery Parkway 85B
0%
Irvine California 133 North Toll Road 96B
0%
Irvine California 133 South 95
0%
Orange California 22 106
0%
Anaheim/Fullerton California 91 West Artesia Freeway 113C
0%
Orange Chapman Avenue 107B
0%
Anaheim Disneyland Drive 110B
0%
Anaheim Disney Way/Anaheim Boulevard 109B
0%
Anaheim Euclid Street 112
0%
Santa Ana Grand Avenue/Santa Ana Boulevard 104B
0%
Anaheim Harbor Boulevard/Ball Road 110A
0%
Irvine Jeffery Road 97
0%
Lake Forest Lake Forest Drive 92
0%
Laguna Hills La Paz Road 89
0%
Orange La Veta Avenue/Bristol Street/California 57 North 107A
0%
Santa Ana Main Street/Broadway 105B
0%
Tustin Newport Avenue 102
0%
Orange State College Boulevard/The City Avenue 107C
0%
No matching quizzes found
Score Distribution
Percent of People with Each Score
Percentile by Number Answered
Your Score History
You have not taken this quiz